Musical Artists With Only Two Albums - Statistics

General Stats
  • This quiz has been taken 56 times
  • The average score is 5 of 14
Answer Stats
Hint Artist % Correct
Frank (2003), Back to Black (2006) Amy Winehouse
87%
Straight Outta Compton (1989), Niggaz4Life (1991) N.W.A.
83%
Ready to Die (1994), Life After Death (1997) Notorious B.I.G.
68%
Unknown Pleasures (1979), Closer (1980) Joy Division
53%
On Avery Island (1996), In the Aeroplane Over the Sea (1998) Neutral Milk Hotel
49%
Blunted on Reality (1994), The Score (1996) The Fugees
36%
Self-titled (1989), The Second Coming (1994) Stone Roses
26%
Tweez (1989), Spiderland (1994) Slint
25%
David Bowie side project (1989, 1991) Tin Machine
25%
The Madcap Laughs (1970), Self-titled (1970) Syd Barrett
23%
St. Elsewhere (2006), The Odd Couple (2008) Gnarls Barkley
21%
GP (1973), Grievous Angel (1974) Gram Parsons
15%
Vol. 1 (1988), Vol. 3 (1990) Traveling Wilburys
13%
Supergroup, "High Enough", S/T (1990), Don't Tread (1992) Damn Yankees
11%
No matching quizzes found
Score Distribution
Percent of People with Each Score
Percentile by Number Answered
Your Score History
You have not taken this quiz